000 01398nam a2200385 i 4500
001 12861
003 KOSZ 005
005 20240405063014.0
008 070620s1970 pl a g 000 0 pol
015 _aPB 1970/3997
040 _aWA N
_cWA N
_dKOSZ 005/RW
_dKOSZ 005/HR
041 0 _apol
_beng
_brus
046 _k1970
080 _a378.662(438)(091)
080 _a(084.1)
245 0 0 _aPolitechnika Warszawska w ćwierćwieczu Polski Ludowej /
_c[aut. Wiesław Jasiobędzki et al. ; przewodn. kom. red. Jerzy Rżysko ; oprac. graf. Maria Łuszczyńska].
260 _aWarszawa :
_bWydawnictwa Politechniki Warszawskiej,
_c1970.
300 _a122, [2] s. :
_bil. ;
_c18 cm.
380 _aKsiążki.
388 _a1901-2000
546 _aStreszcz. ang., ros.
650 4 _aPolitechniki
658 _aHistoria
658 _aNauka i badania
648 4 _a1901-2000
648 4 _a1945-1989
650 4 _aSzkoły wyższe
610 2 4 _aPolitechnika Warszawska
700 1 _aJasiobędzki, Wiesław
_d(1928-2004).
_eAutor
700 1 _aRżysko, Jerzy
_d(1926-1988).
_eRedakcja
700 1 _aŁuszczyńska, Maria.
_eIlustracje
710 2 _aWydawnictwa Politechniki Warszawskiej
_4pbl.
856 _uhttp://koha.tu.koszalin.pl/cgi-bin/koha/opac-detail.pl?biblionumber=12861
_yKatalog online BPK
942 _2UKD
_cKS
999 _c12861
_d12861